000
00226 a2200097 4500
001
52522
100
_a
Niblett W R
245
_a
Education and the Modern Mind.
260
_a
London
_b
Faber and Faber
_c
090
_c
33009
_d
33009
942
_a
NUST-CAE
_c
M
_c
25569
999
_c
287595
_d
287595